Foreign investment
Saved in:
| Main Author: | |
|---|---|
| Format: | Book Chapter |
| Language: | English |
| Subjects: | |
| Tags: |
No Tags, Be the first to tag this record!
|
MARC
| LEADER | 00000nla a2200000 4500 | ||
|---|---|---|---|
| 001 | 0225813 | ||
| 005 | 20240502073714.1 | ||
| 041 | 0 | |a eng | |
| 044 | |a SK | ||
| 245 | 1 | 0 | |a Foreign investment |c Adela Feranecová |
| 500 | |a Abstrakt | ||
| 610 | 2 | 0 | |a investície zahraničné |
| 610 | 2 | 0 | |a globalizácia |
| 610 | 2 | 0 | |a Medzinárodný menový fond |
| 100 | 1 | |a Feranecová, Adela, 1986- | |